Mengzi yan jiu /

Saved in:
நூற்பட்டியல் விவரங்கள்
தலைமை எழுத்தாளர்: Liang, Weixian, 1953-
வடிவம்: புத்தகம்
மொழி:Chinese
வெளியீடப்பட்டது: Taibei Shi : Wen jin chu ban she, Min guo 82 [1993]
பதிப்பு:Chu ban.
தொகுதி:Da lu Diqu bo shi lun wen cong kan ; 46.
பகுதிகள்:
குறியீடுகள்: குறிச்சொல் இணை
குறியீடுகள் இல்லை, இந்த குறிச்சொல்லை முதலில் பதிவு செய்யுங்கள்!
LEADER 01219cam a2200337 a 4500
001 007772034-2
005 20024617110316.0
008 940225s1993 ch a b 000 0 chi
010 |a 93245252 /ACN 
020 |a 9576681340 :  |c NT$150.00 
035 0 |a ocm29695743 
040 |a DLC  |c DLC  |d OCoLC  |d MH-HY  |d CStRLIN 
050 0 0 |a B128.M324  |b L53 1992 
100 1 |6 880-01  |a Liang, Weixian,  |d 1953- 
245 1 0 |6 880-02  |a Mengzi yan jiu /  |c Liang Weixian zhu. 
250 |6 880-03  |a Chu ban. 
260 |6 880-04  |a Taibei Shi :  |b Wen jin chu ban she,  |c Min guo 82 [1993] 
300 |a 3, 154 p. :  |b ill. ;  |c 21 cm. 
490 1 |6 880-05  |a Da lu Diqu bo shi lun wen cong kan ;  |v 46 
502 |a Thesis (Ph. D.)--Jilin da xue, 1992. 
504 |a Includes bibliographical references (p. 149-152). 
600 0 0 |a Mencius. 
880 1 |6 100-01  |a 梁韋弦,  |d 1953- 
880 1 0 |6 245-02  |a 孟子硏究 /  |c 梁韋弦著. 
880 |6 250-03  |a 初版. 
880 |6 260-04  |a 臺北市 :  |b 文津出版社,  |c 民國82 [1993] 
880 1 |6 490-05  |a 大陸地區博士論文叢刊 ;  |v 46 
830 0 |6 880-55  |a Da lu Diqu bo shi lun wen cong kan ;  |v 46. 
880 0 |6 830-55  |a 大陸地區博士論文叢刊 ;  |v 46. 
988 |a 20021105 
906 |0 DLC